|
|
|
|
| LEADER |
00000ckm a2200000 a 4500 |
| 001 |
vtls001208702 |
| 003 |
SK-MaSNL |
| 005 |
20260331203829.0 |
| 007 |
kf co |
| 008 |
231120s1990 xo g 0kuslo |
| 015 |
|
|
|a SNBG1990
|
| 035 |
|
|
|a SNK000151772
|
| 035 |
|
|
|a urn:nbn:sk:snk-km3luxo
|
| 035 |
|
|
|a 56812B4E-F051-4A74-A368-9287A0A095DD
|
| 035 |
|
|
|a urn:nbn:sk:snk-km00dszg
|
| 040 |
|
|
|a SNK
|b slo
|c SNK
|e AACR2
|
| 041 |
0 |
|
|a slo
|
| 043 |
|
|
|a e-xo---
|
| 044 |
|
|
|a xo
|c SK
|
| 072 |
|
7 |
|a 908(437)
|x Vlastiveda Česka a Slovenska
|2 konspekt
|
| 080 |
|
|
|a 908(437.6)
|2 2011
|
| 080 |
|
|
|a (084.121)
|2 2011
|
| 080 |
|
|
|a 712.256-053.2
|2 2011
|
| 080 |
|
|
|a 725.74
|2 2011
|
| 080 |
|
|
|a 711.455.8
|2 2011
|
| 100 |
1 |
|
|a Lenhart, P.
|c (fotograf)
|4 pht
|9 278427
|
| 245 |
1 |
0 |
|a Trnavá Hora
|h grafika
|b pioniersky tábor Borovica
|c foto: P. Lenhart ; grafický návrh: Ľ. Rázusová
|
| 246 |
1 |
|
|i Názov na obrazovej časti:
|a Trnavá Hora
|b Pioniersky tábor Borovica
|
| 260 |
|
|
|a Bratislava
|b ČSTK-Pressfoto
|c 1990
|e Skalica
|f Grafobal
|
| 300 |
|
|
|a 1 pohľadnica (4 čiastkové pohľady)
|b farebná
|c 11 x 15 cm
|
| 520 |
8 |
|
|a Zobrazenie: V bielom orámovaní pohľady na drevené chaty, vyzdobené pódium so skupinami detí, bazén s kúpajúcimi sa deťmi a skupiny detí na detskom ihrisku. Medzi názvami je emblém Z SNP
|
| 650 |
0 |
7 |
|a bazény
|2 SNKPH
|9 30214
|
| 650 |
0 |
7 |
|a detské ihriská
|2 SNKPH
|9 73875
|
| 650 |
0 |
7 |
|a pionierske tábory
|2 SNKPH
|9 55199
|
| 651 |
|
7 |
|a Trnavá Hora (Slovensko)
|2 SNKPHgeo
|9 159985
|
| 655 |
|
7 |
|a geografické pohľadnice
|2 SNKPH
|9 70522
|
| 700 |
1 |
|
|a Rázusová, Ľubica
|c (grafička)
|4 art
|9 283298
|
| 852 |
|
|
|a Slovenská národná knižnica
|
| 954 |
|
|
|a pohľadnice pôvodné (slovenské)
|2 lita
|
| 958 |
|
|
|a GBN
|
| 958 |
|
|
|a TL
|
| 958 |
|
|
|a GC
|
| 958 |
|
|
|a OND
|
| 958 |
|
|
|a EUIPO
|
| 999 |
|
|
|c 952339
|d 954269
|
| 952 |
|
|
|a SNK
|b SNK
|y PREZ
|7 0
|p 17A1287395
|o snkSP 144198
|i snk5878/90
|0 0
|1 0
|4 0
|d 2019-05-15
|f 1
|l 0
|r 2026-02-24 09:52:51
|w 2026-02-24
|
| 952 |
|
|
|a SNK
|b SNK
|y PREZ
|7 0
|p 17A1287396
|o snkSP 144198 D1
|i snk5879/90
|0 0
|1 0
|4 0
|d 2019-05-15
|l 0
|r 2026-02-24 09:52:51
|w 2026-02-24
|